000 00659nam a2200229Ia 4500
003 IIN
005 20250328155550.0
008 250328s9999 xx acf 001 0 eng d
020 _cRs.1750.00
_a9789356963290
040 _aIIN
_bEnglish
082 _a612.015
_bVAS
100 1 _aVasudevan, D.M.
245 1 _aTextbook of Biochemistry for Medical Students /
_cD.M. Vasudevan, Sreekumari S and Kannan Vaidyanathan
250 _a10th ed.
260 _bJaypee
_aNew Delhi
_c2023
300 _axxvi, 894 p.
_bcol. ill.
500 _aIncludes Index
650 1 _aBiochemistry
700 1 _aSreekumari S.
700 1 _aVaidyanathan, Kannan
942 _cBOOK
999 _c1721
_d1721